Lun yu yi zhu ji yi wen jiao kan /
Saved in:
| Main Author: | |
|---|---|
| Other Authors: | |
| Format: | Book |
| Language: | Chinese |
| Published: |
Taibei Shi :
Taiwan shang wu yin shu guan,
Min guo 70-71 [1981-1982]
|
| Subjects: | |
| Tags: |
Add Tag
No Tags, Be the first to tag this record!
|
| LEADER | 00953cam a2200265 a 4500 | ||
|---|---|---|---|
| 001 | 007725408-2 | ||
| 005 | 20024617103528.0 | ||
| 008 | 830907m19811982ch 000 0 chi | ||
| 010 | |a 82194705 /ACN | ||
| 035 | 0 | |a ocm10022745 | |
| 040 | |a DLC |c DLC |d OCoLC |d *YNH* |d CStRLIN | ||
| 050 | 0 | |a PL2471.Z6 |b W28 1981 | |
| 100 | 1 | |6 880-01 |a Wang, Shulin, |d 1902- | |
| 245 | 1 | 0 | |6 880-02 |a Lun yu yi zhu ji yi wen jiao kan / |c Wang Shulin zhu. |
| 260 | |6 880-03 |a Taibei Shi : |b Taiwan shang wu yin shu guan, |c Min guo 70-71 [1981-1982] | ||
| 300 | |a 2 v. ; |c 22 cm. | ||
| 600 | 0 | 0 | |6 880-04 |a Confucius. |t Lun yu. |
| 700 | 0 | 2 | |6 880-05 |a Confucius. |t Lun yu. |f 1981. |
| 880 | 1 | |6 100-01 |a 王書林, |d 1902- | |
| 880 | 1 | 0 | |6 245-02 |a 論語譯註及異文校勘 / |c 王書林著. |
| 880 | |6 260-03 |a 台北市 : |b 台灣商務印書館, |c 民國70-71 [1981-1982] | ||
| 880 | 0 | 0 | |6 600-04 |a Confucius. |t 論語. |
| 880 | 0 | 2 | |6 700-05 |a Confucius. |t 論語. |f 1981. |
| 988 | |a 20021127 | ||
| 906 | |0 DLC | ||


